[Event "Vaujany op-B 10th"]
[Site "Vaujany"]
[Date "2019.07.15"]
[Round "5"]
[White "David, Pierre Yves"]
[Black "Humbert, Patrick"]
[Result "1-0"]
[WhiteElo "1795"]
[BlackElo "1486"]
[PlyCount "58"]
[EventDate "2019.07.11"]
[EventType "swiss"]
[EventRounds "9"]
[EventCountry "FRA"]
[SourceTitle "EXT 2025"]
[Source "ChessBase"]
[SourceDate "2024.10.14"]
[SourceVersion "1"]
[SourceVersionDate "2024.10.14"]
[SourceQuality "1"]

1. e4 d6 2. d4 Nf6 3. Nc3 Nbd7 4. Bc4 e5 5. Nge2 c6 6. a4 Qc7 7. 0-0 h6 8. Kh1 g5 9. a5 Be7 10. Be3 Nf8 11. Ng3 Ng6 12. Nh5 Kf8 13. Nxf6 Bxf6 14. d5 h5 15. a6 Qd7 16. axb7 Bxb7 17. Ra3 Nf4 18. dxc6 Bxc6 19. Bd5 h4 20. Bxc6 Qxc6 21. Qg4 h3 22. Bxf4 hxg2+ 23. Kxg2 Rh4 24. Qe2 Rxf4 25. Nd5 Rh4 26. Nxf6 Qc8 27. Qd2 Ke7 28. Qxg5 Rh8 29. Nd5+ Kf8 1-0

[Event "Vaujany op-B 10th"]
[Site "Vaujany"]
[Date "2019.07.11"]
[Round "1"]
[White "Heckly, Jean Louis"]
[Black "David, Pierre Yves"]
[Result "0-1"]
[WhiteElo "1525"]
[BlackElo "1795"]
[PlyCount "56"]
[EventDate "2019.07.11"]
[EventType "swiss"]
[EventRounds "9"]
[EventCountry "FRA"]
[SourceTitle "EXT 2025"]
[Source "ChessBase"]
[SourceDate "2024.10.14"]
[SourceVersion "1"]
[SourceVersionDate "2024.10.14"]
[SourceQuality "1"]

1. e4 d5 2. exd5 Nf6 3. d4 Bg4 4. Nf3 Qxd5 5. Be2 Nc6 6. c4 Qd7 7. d5 Bxf3 8. Bxf3 Ne5 9. Be2 e6 10. f4 Ng6 11. 0-0 Bc5+ 12. Kh1 exd5 13. cxd5 0-0 14. Nc3 a6 15. Bd3 Rad8 16. Qf3 Rfe8 17. Ne4 Nxe4 18. Bxe4 Nh4 19. Bxh7+ Kxh7 20. Qh5+ Kg8 21. Qxh4 Qxd5 22. Qg4 Qd3 23. Bd2 Qxd2 24. Rad1 Qe3 25. f5 Rxd1 26. Qxd1 Qe2 27. Qc1 Bf2 28. f6 Qxf1+ 0-1

[Event "Vaujany op-B 8th"]
[Site "Vaujany"]
[Date "2017.07.14"]
[Round "2.1"]
[White "David, Pierre Yves"]
[Black "Vanhee, Lars"]
[Result "1/2-1/2"]
[WhiteElo "1830"]
[BlackElo "1717"]
[PlyCount "50"]
[EventDate "2017.07.13"]
[EventType "swiss"]
[EventRounds "9"]
[EventCountry "FRA"]
[SourceTitle "EXT 2020"]
[Source "ChessBase"]
[SourceDate "2019.10.17"]
[SourceVersion "1"]
[SourceVersionDate "2019.10.17"]
[SourceQuality "1"]

1. e4 d6 2. d4 Nf6 3. Nc3 Nbd7 4. Nf3 e5 5. h3 Be7 6. Bc4 h6 7. 0-0 c6 8. a4 Qc7 9. Re1 Nf8 10. a5 g5 11. Nh2 Ng6 12. Be2 Nf4 13. Bxf4 gxf4 14. Ng4 h5 15. Nxf6+ Bxf6 16. dxe5 Bxe5 17. Bf3 Be6 18. Qd2 Ke7 19. Ne2 Rag8 20. Nxf4 Bc8 21. Nd3 Bxh3 22. Nxe5 dxe5 23. Kh2 Bg4 24. Ra3 Rg7 25. Rd1 Be6 1/2-1/2

[Event "Pic d'Anie op 1st"]
[Site "Arette"]
[Date "2004.08.??"]
[Round "2"]
[White "David, Pierre Yves"]
[Black "Pallandre, Fabrice"]
[Result "0-1"]
[WhiteElo "1920"]
[BlackElo "2103"]
[PlyCount "90"]
[EventDate "2004.08.??"]
[EventType "swiss"]
[EventRounds "7"]
[EventCountry "FRA"]
[SourceTitle "EXT 2007"]
[Source "ChessBase"]
[SourceDate "2006.11.23"]
[SourceVersion "1"]
[SourceVersionDate "2006.11.23"]
[SourceQuality "1"]

1. e4 e6 2. d4 d5 3. exd5 exd5 4. Bd3 Bd6 5. Nf3 Ne7 6. 0-0 Bg4 7. Bg5 Nbc6 8. c3 Qd7 9. Nbd2 0-0-0 10. Qa4 f6 11. Bh4 g5 12. Bg3 Ng6 13. Bb5 Nge7 14. b4 Kb8 15. Bd3 Nxd4 16. Qxd7 Nxf3+ 17. Nxf3 Rxd7 18. Nd4 Bh5 19. Rfe1 Bxg3 20. hxg3 Bg6 21. Be2 Nf5 22. Rad1 Nxd4 23. cxd4 Re8 24. Bb5 c6 25. Rxe8+ Bxe8 26. Bd3 Re7 27. f3 Bg6 28. Bxg6 hxg6 29. Kf2 Kc7 30. a4 Kd6 31. Rh1 b6 32. Rh6 c5 33. bxc5+ bxc5 34. dxc5+ Kxc5 35. Rxg6 Re6 36. f4 gxf4 37. gxf4 d4 38. Rg7 a6 39. Rd7 Kc4 40. Rc7+ Kb3 41. Rd7 Kc3 42. Rc7+ Kd2 43. Kf3 d3 44. Rb7 Kd1 45. Rb2 d2 0-1

[Event "Pic d'Anie op 1st"]
[Site "Arette"]
[Date "2004.08.??"]
[Round "4"]
[White "Humeau, Cyril"]
[Black "David, Pierre Yves"]
[Result "1-0"]
[WhiteElo "2098"]
[BlackElo "1920"]
[PlyCount "51"]
[EventDate "2004.08.??"]
[EventType "swiss"]
[EventRounds "7"]
[EventCountry "FRA"]
[SourceTitle "EXT 2007"]
[Source "ChessBase"]
[SourceDate "2006.11.23"]
[SourceVersion "1"]
[SourceVersionDate "2006.11.23"]
[SourceQuality "1"]

1. b4 a5 2. b5 d5 3. Bb2 Nf6 4. Nf3 g6 5. e3 Bg7 6. c4 0-0 7. Nc3 c5 8. bxc6 dxc4 9. cxb7 Bxb7 10. Bxc4 Nc6 11. 0-0 e6 12. Rb1 Ba6 13. Bxa6 Rxa6 14. Qe2 Rb6 15. d4 Nb4 16. a3 Nbd5 17. Ba1 Nxc3 18. Bxc3 Nd5 19. Bxa5 Qd6 20. Rxb6 Nxb6 21. Bb4 Qc6 22. Bxf8 Bxf8 23. Ne5 Qa4 24. Qf3 Qa7 25. h3 Bd6 26. Qc6 1-0

[Event "IECG QB.2002.0.00029 email"]
[Site "IECG email"]
[Date "2002.12.07"]
[Round "?"]
[White "David, Pierre Yves"]
[Black "Bozilov, Novica"]
[Result "1/2-1/2"]
[WhiteElo "1840"]
[BlackElo "1788"]
[PlyCount "56"]
[EventDate "2002.12.07"]
[EventType "tourn (corr)"]
[EventRounds "6"]
[SourceTitle "Corr 2024"]
[Source "ChessBase"]
[SourceDate "2023.10.19"]
[SourceVersion "1"]
[SourceVersionDate "2023.10.19"]
[SourceQuality "1"]

1. Nc3 d6 2. e4 Nf6 3. d4 g6 4. Be2 Bg7 5. h4 Nc6 6. h5 gxh5 7. d5 Ne5 8. Bxh5 Nxh5 9. Qxh5 c6 10. Nge2 Qa5 11. Bh6 Bg4 12. Qh4 Bxh6 13. Qxh6 Bxe2 14. Kxe2 cxd5 15. exd5 0-0-0 16. Qf4 Kb8 17. Qa4 Qxa4 18. Nxa4 Rc8 19. Nc3 Rc5 20. Rh3 h5 21. Rah1 Rg8 22. g3 Rg4 23. Rxh5 Rb4 24. f4 Rxb2 25. Kd2 Nc4+ 26. Kd3 Rb4 27. Re1 Nb2+ 28. Kd2 Rd4+ 1/2-1/2

[Event "IECG QB.2002.0.00029 email"]
[Site "IECG email"]
[Date "2002.12.07"]
[Round "?"]
[White "Marshall, Dan"]
[Black "David, Pierre Yves"]
[Result "1-0"]
[WhiteElo "1978"]
[BlackElo "1840"]
[PlyCount "49"]
[EventDate "2002.12.07"]
[EventType "tourn (corr)"]
[EventRounds "6"]
[SourceTitle "Corr 2024"]
[Source "ChessBase"]
[SourceDate "2023.10.19"]
[SourceVersion "1"]
[SourceVersionDate "2023.10.19"]
[SourceQuality "1"]

1. e4 d5 2. exd5 Nf6 3. d4 Bg4 4. f3 Bf5 5. Bb5+ Nbd7 6. c4 a6 7. Bxd7+ Qxd7 8. Ne2 0-0-0 9. 0-0 e6 10. Nbc3 exd5 11. c5 h5 12. b4 h4 13. b5 axb5 14. a4 b4 15. Na2 h3 16. g3 Qe6 17. Nxb4 Nh5 18. a5 Re8 19. Ra2 g5 20. a6 bxa6 21. Nc3 Nxg3 22. hxg3 h2+ 23. Kh1 Bh3 24. Re2 Bxf1 25. Qxf1 1-0

[Event "IECG QB.2002.0.00029 email"]
[Site "IECG email"]
[Date "2002.12.07"]
[Round "?"]
[White "Pierrard, Bernard"]
[Black "David, Pierre Yves"]
[Result "1/2-1/2"]
[WhiteElo "1960"]
[BlackElo "1840"]
[PlyCount "54"]
[EventDate "2002.12.07"]
[EventType "tourn (corr)"]
[EventRounds "6"]
[SourceTitle "Corr 2024"]
[Source "ChessBase"]
[SourceDate "2023.10.19"]
[SourceVersion "1"]
[SourceVersionDate "2023.10.19"]
[SourceQuality "1"]

1. e3 e5 2. b3 d5 3. Bb2 Nc6 4. Bb5 Bd6 5. f4 Qh4+ 6. g3 Qe7 7. Nf3 Bg4 8. 0-0 f6 9. fxe5 fxe5 10. c4 Nf6 11. cxd5 Nxd5 12. e4 Nf6 13. Bxc6+ bxc6 14. Qc2 0-0 15. Qxc6 Rad8 16. Kg2 Nd7 17. Nc3 Nc5 18. Qb5 h5 19. Rac1 Ne6 20. Nd5 Bxf3+ 21. Rxf3 Qg5 22. Rxf8+ Rxf8 23. Ne3 Kh7 24. Rf1 Rf4 25. Qc4 Rxf1 26. Qxf1 Nc5 27. h4 Qh6 1/2-1/2